Zgadnij państwo po kształcie - Statystyki

Ogólne statystyki
  • Ten quiz został rozwiązany 19 razy
  • Średni wynik to 10 z 16
Statystyki odpowiedzi
Obrazkowy Odpowiedź % Poprawnych
Indie
100%
Kanada
93%
Australia
87%
Nowa Zelandia
80%
Nepal
73%
Demokratyczna Republika Konga
60%
Holandia
60%
Senegal
60%
Sudan
60%
Kosowo
53%
Gwinea Równikowa
47%
Kirgistan
47%
Ekwador
40%
Kambodża
40%
Timor Wschodni
33%
Gwatemala
27%
Nie znaleziono quizów pasujących do podanych kryteriów
Rozkład punktacji
Procent ludzi z każdym wynikiem
Percentyl według liczby udzielonych odpowiedzi
Twoja historia wyników
Nie rozwiązałeś tego quizu